000 00438nam a2200181Ia 4500
008 170918s9999 xx 000 0 und d
020 _a439577845
050 _bG456pi 2002
100 _aGiff, Patricia Reilly
245 _aPicture of Hollis Woods /
245 _cby Patricia Reilly Giff.
260 _aUSA :
260 _bScholastic,
260 _c2002
300 _a166 pages :
300 _billustrations ;
300 _c17cm.
999 _c343414
_d343414